[Event "CZE-ch Juniors op-A"]
[Site "Sec u Chrudimi"]
[Date "2008.03.10"]
[Round "3"]
[White "Olsarova, Tereza"]
[Black "Santora, Jiri"]
[Result "1-0"]
[WhiteElo "2118"]
[BlackElo "1858"]
[PlyCount "113"]
[EventDate "2008.03.08"]
[EventType "swiss"]
[EventRounds "9"]
[EventCountry "CZE"]
[SourceTitle "EXT 2009"]
[Source "ChessBase"]
[SourceDate "2008.11.26"]
[SourceVersion "1"]
[SourceVersionDate "2008.11.26"]
[SourceQuality "1"]

1. e4 c5 2. Nf3 d6 3. d4 cxd4 4. Nxd4 Nf6 5. Nc3 g6 6. Be3 Bg7 7. f3 0-0 8. Bc4 Bd7 9. Qd2 Nc6 10. 0-0-0 Rc8 11. Bb3 Ne5 12. h4 h5 13. g4 a6 14. Bh6 Nc4 15. Bxc4 Rxc4 16. Bxg7 Kxg7 17. gxh5 Nxh5 18. Nf5+ Bxf5 19. exf5 Qa5 20. fxg6 fxg6 21. Qe2 Rxc3 22. bxc3 Ng3 23. Qxe7+ Rf7 24. Qxd6 Nxh1 25. Qd4+ Kg8 26. Rxh1 Qxa2 27. Rg1 Qe6 28. h5 Rf6 29. hxg6 Rxg6 30. Qd8+ Kg7 31. Qc7+ Qf7 32. Qe5+ Qf6 33. Rxg6+ Kxg6 34. Qe4+ Kg5 35. Qg4+ Kh6 36. Kb2 Qb6+ 37. Qb4 Qc6 38. f4 Kg6 39. Kb3 Kf5 40. Qf8+ Ke4 41. f5 Qd5+ 42. c4 Qxf5 43. Qe7+ Kd4 44. Qxb7 Qa5 45. Qg7+ Ke4 46. Qg6+ Kd4 47. Qd3+ Ke5 48. Qg3+ Ke4 49. Qd6 Ke3 50. Qb4 Qxb4+ 51. Kxb4 Kd4 52. c3+ Ke5 53. Kc5 a5 54. Kb5 Kd6 55. c5+ Kd7 56. Kxa5 Kc6 57. Kb4 1-0

[Event "CZE-ch Juniors op-A"]
[Site "Sec u Chrudimi"]
[Date "2008.03.08"]
[Round "1"]
[White "Hlavac, Rudolf"]
[Black "Santora, Jiri"]
[Result "0-1"]
[WhiteElo "2106"]
[BlackElo "1858"]
[PlyCount "114"]
[EventDate "2008.03.08"]
[EventType "swiss"]
[EventRounds "9"]
[EventCountry "CZE"]
[SourceTitle "EXT 2009"]
[Source "ChessBase"]
[SourceDate "2008.11.26"]
[SourceVersion "1"]
[SourceVersionDate "2008.11.26"]
[SourceQuality "1"]

1. e4 e5 2. Nf3 Nc6 3. Bb5 a6 4. Ba4 Nf6 5. d4 d6 6. dxe5 Nxe4 7. Qd5 Nc5 8. Bxc6+ bxc6 9. Qxc6+ Bd7 10. Qd5 c6 11. Qd1 d5 12. h3 Be7 13. Nc3 Rb8 14. 0-0 0-0 15. b3 Bf5 16. Nd4 Qd7 17. Bf4 Rb4 18. a3 Bxc2 19. Qd2 Rxd4 20. Qxd4 Nxb3 21. Qb6 Nxa1 22. Rxa1 Bd3 23. Na4 Rc8 24. Nc5 Qf5 25. Nxd3 Qxd3 26. Qb7 Re8 27. Qxc6 Kf8 28. a4 Qd4 29. Qc1 f6 30. exf6 Bxf6 31. Ra2 Qc4 32. Bd6+ Kf7 33. Qxc4 dxc4 34. f3 c3 35. Kf1 Rc8 36. Rc2 Rc6 37. Bg3 Rb6 38. Ke2 Rb2 39. Kd3 Rb4 40. a5 Ra4 41. Bc7 Ke6 42. Bb6 Kd5 43. Re2 Rb4 44. g4 Rb1 45. h4 Rd1+ 46. Kc2 Rf1 47. Bf2 Ra1 48. Bb6 Ra2+ 49. Kd3 Rxe2 50. Kxe2 Bxh4 51. Kd3 Bf6 52. f4 g6 53. g5 Bg7 54. Be3 Bh8 55. Bb6 Kc6 56. Kc4 c2 57. Be3 Bb2 0-1

[Event "CZE-ch Juniors op-A"]
[Site "Sec u Chrudimi"]
[Date "2007.03.12"]
[Round "4"]
[White "Drab, Tomas"]
[Black "Santora, Jiri"]
[Result "1-0"]
[WhiteElo "1866"]
[BlackElo "1624"]
[PlyCount "41"]
[EventDate "2007.03.10"]
[EventType "swiss"]
[EventRounds "9"]
[EventCountry "CZE"]
[SourceTitle "EXT 2008"]
[Source "ChessBase"]
[SourceDate "2007.11.25"]
[SourceVersion "1"]
[SourceVersionDate "2007.11.25"]
[SourceQuality "1"]

1. e4 e5 2. Nf3 Nc6 3. Bc4 Bc5 4. c3 Nf6 5. d4 exd4 6. cxd4 Bb4+ 7. Nc3 Nxe4 8. 0-0 Nxc3 9. bxc3 Bxc3 10. Qb3 Bxa1 11. Bxf7+ Kf8 12. Bg5 Ne7 13. Ne5 Bxd4 14. Bg6 d5 15. Qf3+ Bf5 16. Bxf5 Bxe5 17. Be6+ Bf6 18. Bxf6 Qb8 19. Bg5+ Ke8 20. Qf7+ Kd8 21. Bxe7# 1-0

[Event "CZE-ch Juniors op-A"]
[Site "Sec u Chrudimi"]
[Date "2007.03.10"]
[Round "1"]
[White "Rusnak, Jan"]
[Black "Santora, Jiri"]
[Result "1-0"]
[WhiteElo "1920"]
[BlackElo "1624"]
[PlyCount "55"]
[EventDate "2007.03.10"]
[EventType "swiss"]
[EventRounds "9"]
[EventCountry "CZE"]
[SourceTitle "EXT 2008"]
[Source "ChessBase"]
[SourceDate "2007.11.25"]
[SourceVersion "1"]
[SourceVersionDate "2007.11.25"]
[SourceQuality "1"]

1. e4 e5 2. Nc3 Nf6 3. f4 d6 4. Nf3 Nc6 5. Bb5 Bd7 6. d3 Nd4 7. Bxd7+ Qxd7 8. fxe5 Nxf3+ 9. Qxf3 dxe5 10. Bg5 Be7 11. 0-0 c6 12. Rad1 Qd4+ 13. Kh1 0-0-0 14. a3 Bxa3 15. Be3 Qb4 16. Rb1 Qa5 17. Ra1 Qb4 18. Rxa3 Qxb2 19. Qf5+ Nd7 20. Rxa7 g6 21. Qg4 Qxc3 22. Bb6 f5 23. Ra8+ Nb8 24. exf5 Rd7 25. Qa4 Rd5 26. Qa7 Kd7 27. Qxb7+ Ke8 28. Rxb8+ 1-0